| 000 | 00816nas a2200277 4500 | ||
|---|---|---|---|
| 001 | BR2011005925 | ||
| 003 | BR-BrBNA | ||
| 005 | 20231205115142.0 | ||
| 007 | ta | ||
| 008 | 230509b bl.|||p| |||| 00| 00por d | ||
| 040 |
_aBR-BrBNA _bpor _cBiblioteca Nacional de Agricultura |
||
| 041 | _a(Pt) | ||
| 072 | _aJ11 | ||
| 100 | 1 | _aLima, F.V. de | |
| 100 | 1 | _aAguila, J.S. del | |
| 100 | 1 | _aOrtega, E.M.M. | |
| 100 | 1 | _aKluge, R.A. | |
| 245 | 1 | _aPós-colheita de lichia "Bengal" tratada com etileno e 1-metilciclopropeno | |
| 650 | _aLICHIA | ||
| 650 | _aHORMÔNIO VEGETAL | ||
| 650 | _aARMAZENAMENTO | ||
| 650 | _aREFRIGERAÇÃO | ||
| 773 | 0 |
_tCiência Rural (Brazil) _xISSN 0103-8478 _g(Jul 2011), v. 41(7) p. 1143-1149 _wBR2011005925 |
|
| 909 |
_a202311 _bLúcia _c55 _dLúcia Elande |
||
| 942 |
_2AGRIS _n0 _cANA |
||
| 999 |
_c212333 _d212333 |
||